| 000 | 00871nam a22001217a 4500 | ||
|---|---|---|---|
| 040 | _cRUA | ||
| 082 | _aLMA ROU 2024 B701 Or.1 | ||
| 100 | _aROUS NARA, រស់ ណារ៉ា | ||
| 245 | _aStudy On The Procedures For Obtaining A Property Ownership Certificate Through A Formal Registration Process Located In Char Chhouk Commune, Angkor Chum District, Siem Reap Province, សិក្សាពីនីតិវិធីផ្ដល់វិញ្ញាបនបត្រសម្គាល់ម្ចាស់អចលនវត្ថុតាមរយៈការចុះបញ្ចីដីធ្លីមានលក្ខណៈដាច់ដោយដុំ ស្ថិតនៅឃុំចារឈូក ស្រុកអង្គរជុំ ខេត្តសៀមរាប | ||
| 260 |
_aPHNOM PENH _bRUA _c024 |
||
| 300 |
_axi, _bill, _c29cm, |
||
| 942 | _cLMA | ||
| 999 |
_c25331 _d25331 |
||